Organometallics for Green Catalysis

This volume presents the latest developments in the use of organometallic catalysis for the formation of bulk chemicals and the production of energy, via green processes including efficient utilization of waste feedstocks from industry. The chemistry of carbon dioxide relating to its hydrogenation i...

Full description

Bibliographic Details
Corporate Author: SpringerLink (Online service)
Other Authors: Dixneuf, Pierre H. (Editor, http://id.loc.gov/vocabulary/relators/edt), Soulé, Jean-François (Editor, http://id.loc.gov/vocabulary/relators/edt)
Format: Electronic eBook
Language:English
Published: Cham : Springer International Publishing : Imprint: Springer, 2019.
Edition:1st ed. 2019.
Series:Topics in Organometallic Chemistry, 63
Subjects:
Online Access:Full Text via HEAL-Link
LEADER 04299nam a2200529 4500
001 978-3-030-10955-4
003 DE-He213
005 20191029012006.0
007 cr nn 008mamaa
008 190225s2019 gw | s |||| 0|eng d
020 |a 9783030109554  |9 978-3-030-10955-4 
024 7 |a 10.1007/978-3-030-10955-4  |2 doi 
040 |d GrThAP 
050 4 |a QD505 
072 7 |a PNRD  |2 bicssc 
072 7 |a SCI013060  |2 bisacsh 
072 7 |a PNRD  |2 thema 
082 0 4 |a 541.395  |2 23 
245 1 0 |a Organometallics for Green Catalysis  |h [electronic resource] /  |c edited by Pierre H. Dixneuf, Jean-François Soulé. 
250 |a 1st ed. 2019. 
264 1 |a Cham :  |b Springer International Publishing :  |b Imprint: Springer,  |c 2019. 
300 |a X, 301 p.  |b online resource. 
336 |a text  |b txt  |2 rdacontent 
337 |a computer  |b c  |2 rdamedia 
338 |a online resource  |b cr  |2 rdacarrier 
347 |a text file  |b PDF  |2 rda 
490 1 |a Topics in Organometallic Chemistry,  |x 1436-6002 ;  |v 63 
505 0 |a Metal-Catalysed Hydrogenation of CO2 into Methanol -- Catalytic C-C Bond Formations from CO2 with Alkenes -- Recent advances on CO2 utilization as C1 building block in C-N and C-O bond formation -- "Alkene Metathesis for Transformation of Renewables" -- Metal-Catalyzed Aromatic C-O Bond Activation/Transformation -- Hydrogenation/Dehydrogenation of Unsaturated Bonds with Iron Pincer Catalysis -- Conversion of Alcohols to Carboxylates Using Water and Base with H2 Liberation -- Selective Transfer-hydrogenation of α,β-Unsaturated Carbonyl Compounds -- Functionalization of C(sp2)-H Bonds of Arenes and Heteroarenes Assisted by Photoredox-Catalysts for the C-C Bond Formation -- Green Cross-Coupling using Visible-light for C-O and C-N Bond Formation. 
520 |a This volume presents the latest developments in the use of organometallic catalysis for the formation of bulk chemicals and the production of energy, via green processes including efficient utilization of waste feedstocks from industry. The chemistry of carbon dioxide relating to its hydrogenation into methanol -an eco-friendly energy storage strategy- and its uses as C1 synthon for the formation of important building-blocks for fine chemicals industry are covered. Catalytic hydrogenations of various functional groups and hydrogen transfer reactions including the use of first row metal catalysts are presented as well as the conversion of alcohols to carboxylates via hydrogen transfer with a zero-waste strategy using water. Transformation of renewable or bio-based raw materials is surveyed through alkene metathesis and C-O bond activations and functionalizations. A green aspect for selective formation of C-C, C-O and C-N bonds involves direct regioselective C-H bond activations and functionalizations. These transformations can now be promoted under mild reaction conditions due to the use photoredox catalyts. C-H bond oxidation using visible light leads mainly to the formation of C-O and C-N bonds, whereas cross-coupled C-C bonds can be formed through the radical additions on (hetero) arenes using photoredox assisted mechanism. 
650 0 |a Catalysis. 
650 0 |a Green chemistry. 
650 0 |a Organometallic chemistry . 
650 0 |a Chemical engineering. 
650 1 4 |a Catalysis.  |0 http://scigraph.springernature.com/things/product-market-codes/C29000 
650 2 4 |a Green Chemistry.  |0 http://scigraph.springernature.com/things/product-market-codes/C35000 
650 2 4 |a Organometallic Chemistry.  |0 http://scigraph.springernature.com/things/product-market-codes/C19020 
650 2 4 |a Industrial Chemistry/Chemical Engineering.  |0 http://scigraph.springernature.com/things/product-market-codes/C27000 
700 1 |a Dixneuf, Pierre H.  |e editor.  |4 edt  |4 http://id.loc.gov/vocabulary/relators/edt 
700 1 |a Soulé, Jean-François.  |e editor.  |4 edt  |4 http://id.loc.gov/vocabulary/relators/edt 
710 2 |a SpringerLink (Online service) 
773 0 |t Springer eBooks 
776 0 8 |i Printed edition:  |z 9783030109547 
776 0 8 |i Printed edition:  |z 9783030109561 
830 0 |a Topics in Organometallic Chemistry,  |x 1436-6002 ;  |v 63 
856 4 0 |u https://doi.org/10.1007/978-3-030-10955-4  |z Full Text via HEAL-Link 
912 |a ZDB-2-CMS 
950 |a Chemistry and Materials Science (Springer-11644)